Angel with horns: Fifteen lectures on Shakespeare (Record no. 78121)

MARC details
000 -LEADER
fixed length control field 00371nam a2200145Ia 4500
008 - FIXED-LENGTH DATA ELEMENTS--GENERAL INFORMATION
fixed length control field 230917s9999||||xx |||||||||||||| ||und||
040 ## - CATALOGING SOURCE
-- 47168
Original cataloging agency VIVEKANANDA LIBRARY
041 ## - Language
-- English
082 ## - DDC NUMBER
Classification number 822.33 S15R:A
100 ## - MAIN ENTRY--PERSONAL NAME
Personal name Rossiter, A P
245 #0 - TITLE STATEMENT
Title Angel with horns: Fifteen lectures on Shakespeare
260 ## - PUBLICATION, DISTRIBUTION, ETC. (IMPRINT)
Place of publication, distribution, etc London
Name of publisher, distributor, etc Longmans
Date of publication, distribution, etc 1962
300 ## - PHYSICAL DESCRIPTION
Pages xi, 316 p.
942 ## - ADDED ENTRY ELEMENTS (KOHA)
Koha item type Books
Holdings
Withdrawn status Lost status Damaged status Not for loan Location (home branch) Sublocation or collection (holding branch) Date acquired Koha issues (times borrowed) Koha full call number Accession No. Koha date last seen Koha item type
        VIVEKANANDA LIBRARY VIVEKANANDA LIBRARY 21/05/2014   822.33 S15R:A 154017 17/09/2023 Books
        VIVEKANANDA LIBRARY VIVEKANANDA LIBRARY 21/05/2014   822.33 S15R:A 5052 17/09/2023 Books
© Designed and Maintained by Vivekananda Library, MDU Rohtak